000 00814nam a2200229 a 4500
001 40282
003 BD-RjUL
005 20211209053201.0
008 160427b ii ||||| |||| 00| 0 ben d
020 _c: IRs 5.00
035 _a(BD-RjUL)40397
040 _aBD-RjUL
_bben
_cBD-RjUL
041 _aben
082 _223
_a891.441
_bSEO
100 _aসেনগুপ্ত, শ্রীযতীন্দ্রনাথ
_9124116
245 1 0 _aঅনুপূর্বা /
_cশ্রীযতীন্দ্রনাথ সেনগুপ্ত
260 _aকলিকাতা :
_bমিত্র ও ঘোষ,
_c[ ? ]
300 _a[৮], ২৮৮ পৃ. ;
_c২২ সেমি.
650 _aবাংলা কবিতা
_9124117
650 _aBengali Poetry
_9124118
942 _2ddc
_cBK
999 _c40282
_d40282